[Event "GER-chT9 LI-01 Br01 email"]
[Site "GER email"]
[Date "2011.10.16"]
[Round "?"]
[White "Harm, Joerg"]
[Black "Schuppen, Heinz"]
[Result "1/2-1/2"]
[WhiteElo "2236"]
[BlackElo "2259"]
[PlyCount "42"]
[EventDate "2011.10.23"]
[EventType "tourn (corr)"]
[EventRounds "9"]
[EventCountry "GER"]
[EventCategory "1"]
[SourceTitle "Corr 2015"]
[Source "ChessBase"]
[SourceDate "2015.07.17"]
[SourceVersion "1"]
[SourceVersionDate "2015.07.17"]
[SourceQuality "1"]

1. d4 d5 2. c4 dxc4 3. Nf3 a6 4. e3 e6 5. Bxc4 c5 6. Bb3 Nf6 7. 0-0 cxd4 8. exd4 Nc6 9. Nc3 Be7 10. Bg5 0-0 11. Qd2 b5 12. d5 Na5 13. dxe6 fxe6 14. Qe2 Nxb3 15. axb3 Rb8 16. Rfd1 Qe8 17. Bf4 Rb6 18. Be5 Bb7 19. Qe3 Rc6 20. h3 Rc8 21. Bd6 Bxf3 1/2-1/2

[Event "GER-chT9 LI-01 Br01 email"]
[Site "GER email"]
[Date "2011.10.16"]
[Round "?"]
[White "Schuppen, Heinz"]
[Black "Schwenck, Mathias"]
[Result "1/2-1/2"]
[WhiteElo "2259"]
[BlackElo "2277"]
[PlyCount "35"]
[EventDate "2011.10.23"]
[EventType "tourn (corr)"]
[EventRounds "9"]
[EventCountry "GER"]
[EventCategory "1"]
[SourceTitle "Corr 2015"]
[Source "ChessBase"]
[SourceDate "2015.07.17"]
[SourceVersion "1"]
[SourceVersionDate "2015.07.17"]
[SourceQuality "1"]

1. d4 Nf6 2. c4 g6 3. Nc3 d5 4. cxd5 Nxd5 5. e4 Nxc3 6. bxc3 Bg7 7. Nf3 c5 8. Be3 Bg4 9. Rc1 0-0 10. d5 Nd7 11. Be2 Qa5 12. Qb3 c4 13. Bxc4 Nc5 14. Bxc5 Qxc5 15. Be2 e6 16. 0-0 exd5 17. exd5 Rae8 18. h3 1/2-1/2

[Event "GER-chT9 LI-01 Br01 email"]
[Site "GER email"]
[Date "2011.10.16"]
[Round "?"]
[White "Schuppen, Heinz"]
[Black "Windhausen, Georg"]
[Result "1/2-1/2"]
[WhiteElo "2259"]
[BlackElo "2288"]
[PlyCount "50"]
[EventDate "2011.10.23"]
[EventType "tourn (corr)"]
[EventRounds "9"]
[EventCountry "GER"]
[EventCategory "1"]
[SourceTitle "Corr 2015"]
[Source "ChessBase"]
[SourceDate "2015.07.17"]
[SourceVersion "1"]
[SourceVersionDate "2015.07.17"]
[SourceQuality "1"]

1. e4 c5 2. Nf3 d6 3. d4 cxd4 4. Nxd4 Nf6 5. Nc3 g6 6. Be3 Bg7 7. f3 Nc6 8. Qd2 0-0 9. 0-0-0 d5 10. exd5 Nxd5 11. Nxc6 bxc6 12. Bd4 Bxd4 13. Qxd4 Qb6 14. Na4 Qc7 15. Bc4 Rd8 16. Nc5 Bf5 17. Bb3 Nb6 18. Qe3 Nd5 19. Qh6 Nf4 20. g4 Ne2+ 21. Kb1 Rxd1+ 22. Rxd1 Rd8 23. Rc1 Bxc2+ 24. Kxc2 Qd6 25. Bxf7+ Kxf7 1/2-1/2